| 000 | 01419cam a2200301 i 4500 | ||
|---|---|---|---|
| 001 | on1089947418 | ||
| 003 | OCoLC | ||
| 005 | 20200706144227.0 | ||
| 008 | 190820s2017 ck ao r 000 0 spa d | ||
| 020 | _a9588814758 | ||
| 020 | _a9789588814759 | ||
| 040 |
_aCKJAV _cCO-JMCR |
||
| 041 | 0 | _aspa | |
| 082 | 0 | 4 |
_a370.9861 / _bG283h _221 |
| 100 | 1 |
_aGaviria, María Cristina _eautora _96733 |
|
| 245 | 1 | 0 |
_aHistoria de Escuela Nueva en Colombia _buna renovación pedagógica para el siglo XXI _cinvestigación y textos María Cristina Gaviria, Vicky Colbert ; edición general Angela Constanza Jerez |
| 250 | _aPrimera edición. | ||
| 264 | 1 |
_aBogotá : _bFundación Escuela Nueva, _c2017. |
|
| 300 |
_a299 páginas : _bfotografías a color ; _c23 x 28 cm. |
||
| 504 | _aIncluye referencias bibliográficas. | ||
| 505 | 0 |
_tEl programa Escuela Nueva en Colombia : la construcción colectiva de una innovación educativa -- _tInternacionalización de Escuela Nueva : maestros colombianos, al exterior -- _tEscuela Nueva para nuevos contextos y poblaciones : la fundación Escuela Nueva volvamos a la gente -- _t30 años de evaluaciones y logros. |
|
| 650 | 1 | 4 |
_aEducación en valores _xHistoria _zColombia _96734 |
| 650 | 2 | 4 |
_aPedagogía _zColombia _96735 |
| 650 | 2 | 4 |
_aInnovaciones educativas _96736 |
| 700 | 1 |
_aColbert, Vicky _eautora _96737 |
|
| 700 | 1 |
_aJerez, Ángela Constanza _eeditora _96738 |
|
| 942 |
_2ddc _cBK |
||
| 999 |
_c6744 _d6744 |
||